000 00247nam a22001217a 4500
040 _cHS
082 _a346
100 _aNA
245 _aច្បាប់ស្តីពីព្រៃឈើ
260 _aNA
_bNA
_cNA
300 _aNA
942 _cKB
999 _c9269
_d9269